Mots croisés - Pays - Statistiques

Statistiques générales
  • Ce quiz a été pris 1 056 fois
  • Le résultat moyen est 19 sur 28
Statistiques - réponses
A/D Clue Réponse % Correct
19. Down Brésil
94%
22. Across Chine
94%
20. Across Ukraine
91%
23. Across Inde
90%
25. Across Australie
89%
15. Down Russie
88%
11. Down Pays-bas
84%
21. Down Kenya
80%
22. Down Cuba
79%
16. Across Autriche
78%
14. Across Macédoine du Nord
76%
18. Down Serbie
76%
17. Down Mali
75%
10. Across Indonesie
72%
4. Down Laos
68%
3. Down Lettonie
65%
24. Across Fidji
63%
7. Across Togo
62%
8. Across Syrie
59%
1. Down Mauritanie
58%
6. Across Ouganda
58%
9. Down Yémen
57%
13. Down Palaos
49%
2. Down Rwanda
46%
5. Down Dominique
40%
1. Across Iles marshall
40%
12. Across Gambie
36%
Mystery Word Suriname
30%
Aucun quiz correspondant
Distribution des résultats
% des personnes avec chaque résultat
Percentile par nombre de réponses
Votre historique - résultats
Vous n’avez pas pris ce quiz